Country names as the previous letter in alphabets - Statistics

General Stats
  • This quiz has been taken 18 times
  • The average score is 12 of 15
Answer Stats
Hint Answer % Correct
RVDCDM SWEDEN
93%
BZLANCHZ CAMBODIA
87%
KHADQHZ LIBERIA
87%
OZQZFTZX PARAGUAY
87%
YHLAZAVD ZIMBABWE
87%
ZQLDMHZ ARMENIA
80%
ANKHUHZ BOLIVIA
80%
FTXZMZ GUYANA
80%
GNMCTQZR HONDURAS
80%
JNRNUN KOSOVO
80%
LZTQHSHTR MAURITIUS
80%
LNYZLAHPTD MOZAMBIQUE
80%
STUZKT TUVALU
80%
TJQZHMD UKRAINE
80%
TYADJHRSZM UZBEKISTAN
80%
No matching quizzes found
Score Distribution
Percent of People with Each Score
Percentile by Number Answered
Your Score History
You have not taken this quiz